<?xml version="1.0" encoding="UTF-8"?>
<record
    xmlns:xsi="http://www.w3.org/2001/XMLSchema-instance"
    xsi:schemaLocation="http://www.loc.gov/MARC21/slim http://www.loc.gov/standards/marcxml/schema/MARC21slim.xsd"
    xmlns="http://www.loc.gov/MARC21/slim">

  <leader>02040nam a22002774  4500</leader>
  <controlfield tag="001">114556</controlfield>
  <controlfield tag="003">DR-UNIBE</controlfield>
  <controlfield tag="005">20260409124733.0</controlfield>
  <controlfield tag="007">cr nn 008mamaa</controlfield>
  <controlfield tag="008">260409b2025    xxu|||||s|||| 00| 0 eng d</controlfield>
  <datafield tag="020" ind1=" " ind2=" ">
    <subfield code="a">9780443126864 (electr&#xF3;nico)</subfield>
  </datafield>
  <datafield tag="040" ind1=" " ind2=" ">
    <subfield code="a">BIBLIOTECA UNIBE</subfield>
    <subfield code="c">BIBLIOTECA UNIBE</subfield>
    <subfield code="e">rda</subfield>
  </datafield>
  <datafield tag="041" ind1=" " ind2=" ">
    <subfield code="a">eng</subfield>
  </datafield>
  <datafield tag="100" ind1=" " ind2=" ">
    <subfield code="a">Vanderah, Todd W</subfield>
    <subfield code="9">196400</subfield>
    <subfield code="e">autor</subfield>
  </datafield>
  <datafield tag="245" ind1="1" ind2="0">
    <subfield code="a">Nolte's the human brain : </subfield>
    <subfield code="b">an introduction to its functional anatomy</subfield>
  </datafield>
  <datafield tag="250" ind1=" " ind2=" ">
    <subfield code="a">Novena edici&#xF3;n</subfield>
  </datafield>
  <datafield tag="260" ind1=" " ind2=" ">
    <subfield code="a">Philadelphia :</subfield>
    <subfield code="b">Elsevier,</subfield>
    <subfield code="c">2025</subfield>
  </datafield>
  <datafield tag="300" ind1=" " ind2=" ">
    <subfield code="a">xv, 829 p&#xE1;ginas :</subfield>
    <subfield code="b">ilustraciones</subfield>
  </datafield>
  <datafield tag="500" ind1=" " ind2=" ">
    <subfield code="a">Recurso en l&#xED;nea:
Disponible para miembros de UNIBE a trav&#xE9;s del portal web del CRAI: https://www.unibe.edu.do/biblioteca/libros-electronicos/</subfield>
  </datafield>
  <datafield tag="505" ind1=" " ind2=" ">
    <subfield code="a">1. Introduction to the nervous system |
2. Development of the nervous system |
3. Gross anatomy and general organization of the central nervous system |
4. Meningeal coverings of the brain and spinal cord |
5. Ventricles and cerebrospinal fluid |
6. Blood supply of the brain |
7. Electrical signaling by neurons |
8. Synaptic transmission between neurons |
9. Sensory receptors and the peripheral nervous system |
10. Spinal cord |
11. Organization of the brainstem |
12. Cranial nerves and their nuclei |
13. The chemical senses of taste and smell |
14. Hearing and balance: the eighth cranial nerve |
15. Atlas of the human brainstem |
16. The thalamus and internal capsule: getting to and from the cerebral cortex |
17. The visual system |
18. Overview of motor systems |
19. Basal nuclei |
20. Cerebellum |
21. Eye movements |
22. Cerebral cortex |
23. Drives and emotions: the hypothalamus and limbic system |
24. Formation, modification, and repair of neuronal connections |
25. Atlas of the human forebrain |


</subfield>
  </datafield>
  <datafield tag="650" ind1=" " ind2="7">
    <subfield code="a">Pediatr&#xED;a</subfield>
    <subfield code="2">lemb</subfield>
  </datafield>
  <datafield tag="650" ind1=" " ind2="7">
    <subfield code="a">Medicina</subfield>
    <subfield code="2">lemb</subfield>
    <subfield code="9">190212</subfield>
  </datafield>
  <datafield tag="655" ind1=" " ind2="4">
    <subfield code="a">Recurso electr&#xF3;nico</subfield>
    <subfield code="9">42681</subfield>
  </datafield>
  <datafield tag="856" ind1=" " ind2=" ">
    <subfield code="u">https://www.clinicalkey.com/student/content/toc/3-s2.0-C20190012800</subfield>
  </datafield>
  <datafield tag="942" ind1=" " ind2=" ">
    <subfield code="2">ddc</subfield>
    <subfield code="c">EB</subfield>
  </datafield>
  <datafield tag="999" ind1=" " ind2=" ">
    <subfield code="c">114560</subfield>
    <subfield code="d">114560</subfield>
  </datafield>
  <datafield tag="952" ind1=" " ind2=" ">
    <subfield code="0">0</subfield>
    <subfield code="1">0</subfield>
    <subfield code="2">ddc</subfield>
    <subfield code="7">0</subfield>
    <subfield code="8">eTEXT</subfield>
    <subfield code="a">Principal</subfield>
    <subfield code="d">2026-04-09</subfield>
    <subfield code="l">0</subfield>
    <subfield code="p">EB0537</subfield>
    <subfield code="r">2026-04-09 12:41:10</subfield>
    <subfield code="t">copias ilimitadas</subfield>
    <subfield code="w">2026-04-09</subfield>
    <subfield code="y">EB</subfield>
  </datafield>
</record>
